000 00572cam a2200181 4500500
005 20260329004631.0
041 _afre
042 _adc
100 1 0 _aN’Diaye, Aïda
_eauthor
245 0 0 _aFriction. Délires et faux-semblants de la globalité
260 _c2020.
500 _a86
690 _aAnna Lowenhaupt Tsing
690 _aCapitalisme
690 _aNature
786 0 _nPhilosophie magazine | 142 | 9 | 2020-09-01 | p. 95-95 | 1951-1787
856 4 1 _uhttps://shs.cairn.info/magazine-philosophie-magazine-2020-9-page-95?lang=fr&redirect-ssocas=7080
999 _c1835840
_d1835840